[Event "EU-ch 4th"]
[Site "Istanbul"]
[Date "2003.06.02"]
[Round "4"]
[White "Najer, Evgeniy"]
[Black "Pedersen, Nicolai Vesterbaek"]
[Result "1-0"]
[WhiteElo "2606"]
[BlackElo "2508"]
[Annotator "Ribli,Z"]
[PlyCount "61"]
[EventDate "2003.05.30"]
[EventType "swiss"]
[EventRounds "13"]
[EventCountry "TUR"]
[SourceTitle "CBM 096"]
[Source "ChessBase"]
[SourceDate "2003.09.25"]
[SourceVersion "1"]
[SourceVersionDate "2003.09.25"]
[SourceQuality "1"]

1. Nf3 Nf6 2. c4 e6 3. Nc3 Bb4 4. g4 {Dieser Zug ist die schärfste Möglichkeit
in der Stellung. Auf den ersten Blick sieht er aus wie Kaffeehausschach, aber
diese Fortsetzung ist sehr populär in Großmeisterturnieren.} h6 $5 {Statt
dieser Fortsetzung gibt es viele Möglichkeiten für Schwarz - 4...d5, 4...d6, 4.
..Bxc3, 4...0-0. Der Textzug scheint mir logisch, denn im Falle von späterem
h4 (und g5-hxg5-hxg5) bekommt Schwarz die offene h-Linie.} 5. Rg1 b6 $5 (5...
d6 6. h4 e5 7. g5 hxg5 8. hxg5 Ng4 9. Nd5 Bc5 10. d4 $36) 6. Qc2 {Dieser
"kleine" Damezug ist wahrscheinlich die beste Möglichkeit für Weiß. Die Dame
verteidigt den c3-Springer (im Falle von Bxc3 kann Weiß mit Qxc3 fortsetzen)
und nachfolgend kann Weiß eventuell mit schneller lange Rochade fortsetzen.} (
6. h4 Bb7 7. g5 hxg5 8. hxg5 Ne4 {= Ribli.} (8... Bxc3) 9. Qc2 Nxc3 10. dxc3
Bd6 11. Be3 Nc6 (11... c5 12. O-O-O Qe7 13. Qd2 $5 Bc7 14. Bf4 d6 $5 (14... e5
$6 15. Bg3 Nc6 16. g6 $1 {1-0 Dorfman,J-Chabanon,J/Marsailles 2001/CBM 85/
[Ribli] (39)}) 15. Bxd6 Bxd6 16. Qxd6 Qxd6 17. Rxd6 Bxf3 18. exf3 Ke7 $11) 12.
Nd2 $6 (12. Bg2 $11) (12. O-O-O $5) 12... Bh2 $5 $15 13. Rg2 Ne7 {[%cal Ge7f5,
Ge7g6]} (13... Ne5 $15) 14. Nf3 Bd6 15. Rg4 Ng6 16. O-O-O Qe7 17. Bg2 O-O-O {
0-1 Van Wely,L-Timman,J/Wijk aan Zee 1999/CBM 69/[Ribli] (29)}) (6. d3 Bb7 7.
e4 d5 (7... d6 8. Qe2 Nbd7 9. Be3 c5 10. Nd2 Bxc3 11. bxc3 Qc7 12. f4 O-O-O 13.
O-O-O a6 14. Kb1 b5 15. cxb5 axb5 16. Ka1 {1-0 Lalic,B-Brajovic,R/Saint
Vincent 2000/CBM 78 (34)}) 8. e5 Nfd7 (8... d4 $5) 9. a3 Bxc3+ 10. bxc3 dxc4
11. d4 b5 12. Rb1 a6 13. Bxc4 bxc4 14. Rxb7 Nb6 15. Qe2 $13 {1-0 Pelletier,
Y-Huss,A/Cannes 1998/CBM 63 ext (43)}) (6. Qb3 c5 7. a3 Bxc3 8. Qxc3 d5 9. cxd5
exd5 10. b4 d4 11. Qc2 Nbd7 {1/2-1/2 Zvjaginsev,V-Adams,M/Moscow 2001/CBM 86 
(32)}) 6... Bb7 7. a3 Be7 8. g5 $5 (8. h4 Bxf3 $5 9. exf3 c5 10. f4 Nc6 11. Ne2
Qc7 12. d3 O-O-O {0-1 Wallace,J-Johansen,D/Melbourne 2002/EXT 2003 (49)}) 8...
hxg5 9. Nxg5 {[%csl Rf7][%cal Rg5f7] Jetzt droht 10.Nxf7 - mit sofortigem
Gewinn.} Nh5 {Schwarz verteidigt sich gegen 10.Nxf7 (der g7P ist verteidigt) -
und später kann er Nf4 ziehen.} (9... Bf8 10. d4 Nc6 11. d5 Nd4 12. Qd1 c5 13.
e3 Nf5 14. e4 Nd4 15. e5 exd5 16. exf6 Qxf6 17. Nxd5 Bxd5 18. cxd5 $16 {
0-1 Zvjaginsev,V-Adams,M/Moscow 2001/CBM 86 (34)}) 10. d4 c5 $6 {[%mdl 16384]
Dieser Zug gefällt mir nicht - Weiß bekommt nun großen Raumvorteil und der b7B
wird eingeschlossen. Aber die Alternative 10...Nc6!? bietet Schwarz Chancen
auf ausreichendes Gegenspiel.} (10... Nc6 $142 $5 11. Nf3 Bf6 12. Qd3 Na5 $13 {
1/2-1/2 Guidarelli,L-Sakelsek,T/Opatija CRO 2003/(12)}) 11. d5 $14 {[%csl Rb7,
Rb8,Gd5] Nach diesem natürlichen Zug hat Schwarz große Schwierigkeiten mit der
Entwicklung des Damenflügels.} Na6 12. Bd2 {Der weiße Plan ist einfach - er
bereitet die lange Rochade vor.} Qb8 $6 {Jetzt hängt der h2P, aber die Dame
steht sehr passiv auf b8.} (12... Nc7 $142 $5 13. e4 Bd6) 13. h4 Qe5 {Das war
die schwarze Idee - er aktiviert seine Dame. Aber nun wird die Dame exponiert
auf e5 stehen.} 14. O-O-O Nc7 (14... exd5 15. Nxd5 Bxd5 16. cxd5 Nc7 (16...
Qxd5 $4 17. Bg2 $18) 17. Bc3 $16) 15. f4 $1 $16 {[%csl Re5] Mit einfachen
Zügen bekommt Weiß großen Vorteil. Schwarz befindet sich schon in großer Not.}
(15. Nf3 $5 Qf5 (15... Qd6 $4 16. Ne4 $18) 16. Qxf5 exf5 17. Bh3 g6 18. e4 $16)
15... Nxf4 16. Nf3 Qf6 17. Ne4 {[%mdl 2048]} Qh6 18. Rg4 {[%csl Rf4][%cal
Rd2h6] Mit diesem Zug gewinnt Weiß eigentlich eine Figur.} exd5 19. Bxf4 {
[%cal Rf4c7,Rf4h6]} Qe6 {[%cal Re6g4,Re6e4]} (19... Qc6 20. Neg5 $18) 20. Nf2 {
Nach forcierten Zügen haben wir nun eine Stellung, in der Schwarz nur zwei
Bauern für die Figur hat. Noch dazu hat Weiß eine aktive und viel bessere
Stellung.} (20. Nh2 $2 dxe4 21. Bxc7 d6 $132) 20... O-O-O 21. Rxg7 (21. Nd4 $1
Qf6 (21... cxd4 22. cxd5 $18) 22. cxd5 $18) 21... Bxh4 22. Nxh4 Rxh4 23. e3 $18
{Jetzt droht schon 24.Bg5 mit weiterem Materialgewinn.} (23. Bg5 $4 Rxc4 $19)
23... Qf6 24. Rg1 {[%cal Rf4g5,Rg5d8,Rg5h4]} Ne6 25. Bg3 (25. Ng4 Qh8 26. cxd5
$18) 25... Rh5 26. cxd5 Rxd5 (26... Bxd5 27. Rxd5 $18 {[%cal Rf1a6,Ra6c8]} (27.
Ba6+ Bb7 28. Ne4 $18)) 27. Rxd5 Bxd5 28. Ba6+ Bb7 29. Ne4 {[%cal Re4d6,Rd6c8,
Re4f6,Rd6b7]} Qf3 30. Nd6+ Kb8 31. Nxb7+ 1-0

[Event "Hoogovens"]
[Site "Wijk aan Zee"]
[Date "1993.01.??"]
[Round "5"]
[White "Illescas Cordoba, Miguel"]
[Black "Karpov, Anatoly"]
[Result "1/2-1/2"]
[WhiteElo "2615"]
[BlackElo "2725"]
[Annotator "Ribli,Z"]
[PlyCount "81"]
[EventDate "1993.01.??"]
[EventType "k.o."]
[EventRounds "5"]
[EventCountry "NED"]
[SourceTitle "CBM 034"]
[Source "ChessBase"]
[SourceDate "1993.06.01"]
[SourceVersion "1"]
[SourceVersionDate "1993.06.01"]
[SourceQuality "1"]

1. Nf3 Nf6 2. c4 e6 3. Nc3 Bb4 4. Qc2 O-O 5. a3 Bxc3 6. Qxc3 d6 7. b4 b6 8. Bb2
Bb7 9. g3 c5 10. Bg2 Nbd7 11. O-O Qc7 (11... Rc8 12. d3 Re8 13. e4 $36 {
Kasparov,G-Karpov,An New York/Lyon m/24 1990 50/12}) (11... Rc8 12. d3 Rc7 13.
a4 $36 {Georgiev,Ki-Lobron,E Tilburg1. 1992 CBM/32}) (11... Qe7 12. d3 Rfc8 13.
e4 Qf8 14. Rfe1 a6 15. Nd2 Rab8 16. d4 $36 {Lobron,E-Adams,M Brussels SWIFT
25' 1992 EXP/29}) 12. d3 Rfc8 13. Rfc1 e5 14. Bh3 Re8 15. e4 Nf8 16. Nh4 (16.
a4 $5) 16... Ne6 17. Qd2 Qd8 18. Bxe6 fxe6 19. Rab1 (19. a4 $5) 19... Bc6 20.
Qe2 Qe7 21. Ng2 Qf7 22. Bc3 Qh5 23. Qxh5 Nxh5 24. Ne3 Rf8 25. Rb2 Nf6 26. bxc5
bxc5 27. Ba5 Kf7 28. Rcb1 Ke7 29. h4 Nd7 30. Kg2 Rab8 31. Rxb8 Rxb8 32. Rxb8
Nxb8 33. f4 Ba4 34. Bc3 Nc6 35. Kf2 Nd4 36. Ba5 exf4 37. gxf4 Nc2 38. Nxc2 Bxc2
39. Ke3 g6 40. d4 cxd4+ 41. Kxd4 1/2-1/2

[Event "Linares 12th"]
[Site "Linares"]
[Date "1994.??.??"]
[Round "3"]
[White "Illescas Cordoba, Miguel"]
[Black "Karpov, Anatoly"]
[Result "0-1"]
[WhiteElo "2590"]
[BlackElo "2740"]
[Annotator "Ribli,Z"]
[PlyCount "126"]
[EventDate "1994.02.??"]
[EventType "tourn"]
[EventRounds "13"]
[EventCountry "ESP"]
[EventCategory "18"]
[SourceTitle "CBM 040"]
[Source "ChessBase"]
[SourceDate "1994.06.01"]
[SourceVersion "1"]
[SourceVersionDate "1994.06.01"]
[SourceQuality "1"]

1. Nf3 Nf6 2. c4 b6 3. g3 Bb7 4. Bg2 e6 5. Nc3 Bb4 6. O-O O-O 7. Qc2 {-> A17}
Re8 (7... Qe7 {Lobron,E-Karpov,An/Dortmund/1993/CBM35/INF57,15/}) (7... c5 $6
8. d3 Bxc3 9. bxc3 Nc6 10. e4 $14 {Vaganian,R-Bischoff,K/BL 9293/INF57,16/}) 8.
d4 (8. Rd1 d6 9. d4 Bxc3 10. Qxc3 Nbd7 11. b3 {Timman,J-Karpov,An/Linares/1993/
CBM34/INF57,14/} Be4 $5 $10) 8... Bxc3 9. Qxc3 d6 10. b3 Nbd7 11. Bb2 Be4 $5
12. Rac1 Rc8 13. Rfd1 c6 14. Qb4 (14. Bf1 d5 15. Nd2 Bg6 $13) 14... Qc7 15. Qd2
Qb7 16. Qf4 d5 17. Bf1 b5 18. cxb5 (18. c5 a5) 18... cxb5 19. Ne1 Qa6 20. a3 h6
21. Rxc8 Rxc8 22. Rc1 Nb8 23. e3 $6 (23. Rxc8+ Qxc8 24. Qc1 $10) 23... Rxc1 24.
Bxc1 Qb6 25. Bd2 Nbd7 26. Bb4 a5 27. Be7 e5 $1 28. Qh4 (28. dxe5 g5 $19) 28...
exd4 29. Qf4 dxe3 30. Qxe3 d4 31. Qf4 Qc6 32. Bxf6 Nxf6 33. Qb8+ Kh7 34. Qxb5
Qc1 35. Nd3 (35. Qxa5 d3 $19) 35... Qd1 36. Nc5 Bg6 37. Kg2 (37. Qxa5 d3 $19)
37... Ne4 38. Be2 Qe1 39. Nxe4 Bxe4+ 40. f3 (40. Bf3 d3 $19) 40... Bg6 41. h4
h5 42. f4 Be4+ 43. Bf3 g6 44. Bxe4 Qxe4+ 45. Kf2 Qe3+ 46. Kg2 d3 47. Qc4 Qe2+
48. Kg1 Qd1+ 49. Kf2 Qd2+ 50. Kf1 Qd1+ 51. Kf2 Qe2+ 52. Kg1 Kg8 53. Qc8+ Kg7
54. Qc3+ Kf8 55. Qc5+ Ke8 56. Qc6+ Ke7 57. Qc5+ Ke6 58. Qf2 Qd1+ 59. Kg2 Qxb3
60. Qe1+ Kd7 61. Qxa5 Qc2+ 62. Kh3 d2 63. Qd5+ Kc8 0-1

[Event "Corus-B"]
[Site "Wijk aan Zee"]
[Date "2004.01.24"]
[Round "12"]
[White "Granda Zuniga, Julio E"]
[Black "Naiditsch, Arkadij"]
[Result "1-0"]
[WhiteElo "2581"]
[BlackElo "2576"]
[Annotator "Ribli,Z"]
[PlyCount "125"]
[EventDate "2004.01.10"]
[EventType "tourn"]
[EventRounds "13"]
[EventCountry "NED"]
[EventCategory "13"]
[SourceTitle "CBM 099"]
[Source "ChessBase"]
[SourceDate "2004.03.30"]
[SourceVersion "1"]
[SourceVersionDate "2004.03.30"]
[SourceQuality "1"]

1. Nf3 Nf6 2. c4 e6 3. Nc3 Bb4 4. Qc2 c5 5. a3 Ba5 6. g3 Nc6 7. Bg2 O-O 8. O-O
d6 9. e3 {Dieser Zugfolge wird selten gespielt - die gewöhnliche Fortsetzung
ist 9.d3.} e5 10. d4 $5 {[%mdl 8] Ein interessantes zeitweiliges Bauernopfer,
welches eine ganz neue Idee in der Variante darstellt. Im Falle von 10.d3 kann
Schwarz den Zug h7-h6 einsparen, weil er hier nicht mehr mit Bg5 rechnen muss.}
(10. d3 a6 $5 (10... Bd7 11. Bd2 a6 12. Nh4 Rb8 13. f4 b5 14. b3 bxc4 15. bxc4
exf4 16. gxf4 Re8 17. Nf3 h6 18. Rae1 {1/2-1/2 Van Wely,L-Adams,M/Wijk aan Zee
2002/CBM 87 (52)}) 11. b3 Rb8 12. Nd2 Bd7 13. Nde4 Nxe4 14. dxe4 Bxc3 $1 15.
Qxc3 b5 16. Bd2 bxc4 17. bxc4 (17. Qxc4 $6 {[%csl Rb3]} Qb6 $36) 17... Be6 18.
f4 f6 $15 {[%csl Gc5,Rd2,Gd6,Ge5,Gf6,Rg2] 1/2-1/2 Agrest,E-Adams,M/France 2003/
CBM 95/[Ribli] (70)}) (10. Rb1 Bd7 11. Na2 Rc8 12. b4 cxb4 13. axb4 Bb6 14. Nc3
a5 15. bxa5 Bxa5 16. Ba3 Bxc3 17. Qxc3 Re8 18. d3 e4 19. Nd2 exd3 20. Qxd3 Ne5
21. Qxd6 Bc6 {1/2-1/2 Illescas Cordoba,M-Sokolov,A/Plovdiv 2003/CBM 98 (27)})
10... cxd4 11. exd4 exd4 (11... Bg4 12. dxe5 dxe5 13. b4 Bc7 (13... Bb6 14. c5
Bc7 15. Bg5 $14) 14. Bg5 $14) 12. Nb5 Bb6 (12... d5 13. c5 (13. Nbxd4 Nxd4 14.
Nxd4 dxc4 15. Qxc4 Bb6 16. Be3 (16. Rd1 Bg4 $15) 16... Ng4 17. Rad1 Nxe3 18.
fxe3 $11) 13... b6 14. Nbxd4 Nxd4 15. Nxd4 bxc5 16. Qxc5 (16. Nc6 Qc7 (16...
Qb6 17. Ne7+ Kh8 18. Nxd5 Nxd5 19. Bxd5 Bb7 20. Bxb7 Qxb7 21. Qxc5 Bb6 22. Qh5
Rfe8 $44) 17. Qxc5 Re8 18. Bf4 $16) 16... Bb6 17. Qc3 Ne4 $15) 13. Bf4 Bg4 $6 (
13... d5 14. c5 d3 15. Qc1 $5 (15. Qxd3 Bxc5 16. Nc7 Rb8 17. Rad1 Bd6 18. Nxd5
Bxf4 19. Nxf4 Qxd3 20. Nxd3 $11) 15... a6 16. cxb6 axb5 17. Bc7 Qd7 18. Qd2 $14
) 14. Nxd6 $14 {[%csl Gd6,Gf4][%cal Gg2a8,Gc4c5]} Qd7 15. Ne5 Nxe5 (15... Qxd6
16. Nxc6 $16 (16. Nxg4 Qe6 17. Nxf6+ Qxf6 18. c5 $16)) 16. Bxe5 Bc7 17. c5 {
Der gut verteidigte d6N dominiert auf dem Brett.} Ne8 18. Qe4 {[%csl Rb7][%cal
Rg2a8]} f6 (18... Nxd6 $2 19. cxd6 Bb6 (19... Bxd6 $4 20. Bxd6 $18) 20. Bxd4
Rfe8 21. Qf4 $16) 19. Bxd4 Nxd6 20. cxd6 Bxd6 21. Qxb7 Qxb7 22. Bxb7 $16 {
Weiß hat einen gesunden Bauern mehr.} Rad8 (22... Rab8 23. Bd5+ Kh8 24. b4 $16)
23. Bc3 (23. Bxa7 Be5 (23... Rd7 24. Bd5+ Kh8 25. Be3 Be5 (25... Bxa3 26. Bc6
Rd6 27. bxa3 Rxc6 28. a4 $16) 26. Bc6 Rc7 27. Bg2 Bxb2 28. Ra2 $16)) 23... h5
24. Rfe1 (24. Kg2 $16 {[%cal Gh2h3]}) 24... Bc5 25. Kg2 Rd7 26. Bc6 (26. Bf3
Bxf3+ 27. Kxf3 $16) 26... Rd6 27. Ba4 Rd3 28. Bb3+ Kh8 29. Bc2 Bf3+ 30. Kf1 Rd5
31. Be4 {Weiß muss natürlich den starken schwarzen Läufer tauschen.} Bxe4 32.
Rxe4 Rfd8 33. Rae1 Kh7 34. R1e2 Rd3 {[%csl Gc5][%cal Gd8d1] Schwarz
kontrolliert stark die d-Linie und sein Läufer steht sehr aktiv, so dass die
Verwertung des weißen Vorteils gar nicht leicht fällt.} 35. Rc4 Bb6 36. Kg2
R8d5 37. Be1 {Der Läuferzug sieht sonderbar aus, aber Weiß verfolgt die Idee
mit Rcc2 und Rcd2 ein Turmpaar zu tauschen.} (37. b4 $16 {[%cal Ga3a4]}) 37...
Kg6 38. Rc3 Rd1 39. Rcc2 {[%cal Gc2d2,Gd2d5,Gd2d1]} h4 $6 {Schwarz verliert
die Geduld und opfert einen Bauern.} (39... Kf5 40. Rcd2 R5xd2 41. Bxd2 g5 $14)
40. gxh4 R1d4 41. f3 {[%cal Ge1f2,Gf2a7]} Rd1 42. Rc4 R5d3 43. Rg4+ Kf7 44. Bf2
R1d2 45. Rge4 Rxe2 46. Rxe2 Rb3 47. Bxb6 axb6 {[%mdl 4096] Weiß hat zwei
Bauern mehr im Turmendspiel und natürlich gute Gewinnchancen, aber die
technische Verwertung des Vorteils ist noch nicht leicht, da er einen
Doppelbauern auf der h-Linie hat und der schwarze Turm aktiv steht.} 48. Kg3
Kg6 49. Kg4 Kh6 50. f4 Kg6 51. h5+ Kh6 52. Rd2 b5 (52... Rb5 53. b4 Rxh5 54. a4
{[%csl Rh5]} g5 55. Rd6 Rh4+ 56. Kg3 Rxf4 57. Rxb6 $18) 53. Rc2 Kh7 (53... b4
54. a4) (53... Rd3) 54. Kf5 Rh3 55. Kg4 Rb3 56. Re2 Kh6 57. Rd2 Kh7 (57... Re3)
58. Kf5 Kh6 (58... Rh3 59. Ke6 Rxh5 60. Rd5 Rxh2 61. Rxb5 $18) 59. Rg2 $18 {
[%cal Gg2g7]} Rh3 60. Ke6 Rxh5 61. Kf7 Rc5 (61... g5 62. f5 $18) 62. Rg6+ Kh5
63. Rxg7 (63. Rxg7 Rf5 64. Rg6 Rxf4 65. Rxf6 Rh4 66. Rf5+ $16) 1-0

[Event "Corus-C"]
[Site "Wijk aan Zee"]
[Date "2004.01.18"]
[Round "7"]
[White "Janssen, Ruud"]
[Black "Peng, Zhaoqin"]
[Result "1-0"]
[WhiteElo "2489"]
[BlackElo "2419"]
[Annotator "Ribli,Z"]
[PlyCount "81"]
[EventDate "2004.01.10"]
[EventType "tourn"]
[EventRounds "13"]
[EventCountry "NED"]
[EventCategory "9"]
[SourceTitle "CBM 099"]
[Source "ChessBase"]
[SourceDate "2004.03.30"]
[SourceVersion "1"]
[SourceVersionDate "2004.03.30"]
[SourceQuality "1"]

1. Nf3 Nf6 2. c4 b6 3. g3 Bb7 4. Bg2 e6 5. O-O Be7 6. Nc3 O-O 7. Re1 {Statt
dieser Fortsetzung kann Weiß mit 7.d4 eine Hauptvariante der Damenindischen
Verteidigung wählen. Mit dem Textzug bereitet Weiß den Zug e2-e4 vor.} Bb4 {
Dieser Zug wird selten gespielt - die gewöhnlichen Alternativen sind 7...d5
und 7...c5. Im folgenden möchte Schwarz den c3-Springer tauschen, aber der
Textzug ist ein Tempoverlust, deshalb gefällt er mir nicht.} 8. Qc2 (8. a3 Bxc3
9. bxc3 d6 10. d3 Nbd7 11. e4 a5 12. h3 a4 13. Be3 Ra5 14. Nd2 Qa8 15. Bf4 Nc5
16. Qc2 Nh5 17. Be3 f5 {0-1 Razvan,T-Chernyshov,K/Ceske Budejovice 1998/EXT
2000 (40)}) 8... d6 (8... Bxc3 9. Qxc3 (9. bxc3 Nc6 10. e4 Na5 11. c5 d6 12. d4
Nd7 13. c4 dxc5 14. d5 Ba6 15. e5 Bxc4 16. Ng5 g6 17. dxe6 Bxe6 18. Bxa8 Qxa8
19. Nxe6 fxe6 20. Bh6 Rf5 21. f4 c4 22. Rad1 Nc5 23. Rd4 Nd3 24. Re3 $6 {
1/2-1/2 Greenfeld,A-Kortschnoj,V/Beersheba 1990/CBM 17/[Ribli] (32)} (24. Rd1
$1 $16)) 9... d6 (9... d5 10. cxd5 Nxd5 11. Qc2 c5 12. b3 Nc6 13. Bb2 Qe7 14.
Rad1 Rfd8 15. Qb1 e5 16. d3 Rd7 17. e3 Rad8 {0-1 Ostrowski,L-Chernyshov,K/
Krynica 1998/EXT 2002 (30)}) 10. b3 c5 11. Bb2 Qe7 12. d4 Nbd7 13. Rad1 Rac8
14. d5 e5 15. e4 Nh5 16. Nd2 g5 17. Bh3 Rb8 18. Nf1 {1-0 Chytilek,R-Chernyshov,
K/CZE 2002/EXT 2003 (66)}) (8... Qe7 9. a3 Bxc3 10. Qxc3 c5 11. b4 d6 12. Bb2
Nbd7 13. e4 (13. d3 Rfc8 14. Qd2 Rc7 15. e4 a6 16. bxc5 Nxc5 17. Rad1 Nfd7 18.
Nd4 f6 19. f4 {1-0 Fiorito,F-Garcia Palermo,C/Pinamar 2002/CBM 88 (45)}) 13...
Rfc8 14. b5 a6 15. a4 axb5 16. axb5 Rxa1 17. Bxa1 Ra8 18. Bb2 Ne8 19. d3 Qd8
20. Nd2 Ra4 21. Nf1 Qa8 22. Ne3 Qa5 23. Qxa5 Rxa5 24. f4 Kf8 25. Ra1 {1/2-1/2
Labollita,M-Fiorito,F/Mar del Plata ARG 2003/(45)}) 9. e4 (9. d4 Bxc3 10. Qxc3
Nbd7 11. b3 Be4 12. Bb2 Qe7 13. Bf1 a5 14. Nd2 Bg6 15. e4 {1-0 Wojtkiewicz,
A-Morawietz,D/Eupen 1995/EXT 97 (26)}) 9... Bxc3 10. bxc3 e5 11. Nh4 $14 {
[%csl Gc1,Gg2][%cal Gf2f4,Gh4f5][%mdl 4] Das ist ein typisches Manöver - es
droht 12.Nf5 und Weiß bereitet den Bauernzug f2-f4 vor.} g6 12. d3 {[%csl Gc1,
Gg2][%cal Gc1h6] Weiß hat eine starke Bauernmasse im Zentrum und besitzt das
Läuferpaar.} Nh5 13. Bh6 Ng7 $6 {Dieser Springerzug scheint mir zu passiv, ich
glaube, es wäre besser, gleich die Alternative 13...Re8 zu wählen.} (13... Re8
$5 14. f3 $14 {[%cal Gc2f2,Gf2h4] Dieser Zug scheint ein wenig unnatürlich,
aber Weiß bereitet den Zug 15.Qf2 vor, wonach er 16.f4 ziehen kann.}) 14. Qe2
Nd7 15. f4 $1 exf4 16. gxf4 {Der h4N steht unverteidigt, aber Schwarz kann
nicht auf h4 nehmen, weil das die Dame kostet.} Re8 (16... Qxh4 $2 17. Bg5 Qh5
18. Bf3 Qh3 19. Bg4 $18) 17. Qf2 (17. Nf3 $2 Nf5 18. Bg5 f6 $132) (17. Qg4 $14)
17... Nc5 18. Rad1 Qf6 19. Qd4 (19. Re3 $5 $14 {[%cal Gh6g5,Gg5f6] Auf diese
Weise verteidigt Weiß eigentlich den c3-Bauern, weil er im Falle von 19...Qxc3
eine Figur gewinnt.} Qxc3 $2 20. d4 $18 {[%cal Re3c3,Rd4c5]}) 19... Qxd4+ $6 (
19... Nh5 20. Nf3 $14) 20. cxd4 $16 {[%csl Gc4,Gd4,Ge4,Gf4,Gg2,Gh6] Weiß hat
fühlbares Übergewicht im Zentrum und ein starkes Läuferpaar.} Nce6 21. d5 Nd4 (
21... Nc5 22. e5 $16 (22. d4 $16)) 22. Nf3 (22. Kf2 f6 23. Rg1 $16 (23. Ke3 $4
Ngf5+ 24. Nxf5 Nxf5+ $19)) 22... Nxf3+ (22... Nc2 23. Re2 Nf5 24. Rxc2 Nxh6 25.
Re2 $16) 23. Bxf3 f6 {Schwarz verteidigt sich gegen 24.e5 und besonders gegen
24.Bg5.} 24. Re2 (24. Kf2 $16) 24... Re7 25. Rg2 {[%cal Gg2g8]} c6 26. f5 $6 {
Dieser Zug verschlechtert die weiße Bauernstruktur. Ich glaube, die
Alternative 26.h4 wäre besser.} (26. h4 $1 $16) 26... cxd5 27. cxd5 gxf5 (27...
g5 $2 28. h4 gxh4 29. Kh2 Kh8 30. Rdg1 Rg8 31. e5 $18) 28. exf5 Kh8 $14 29. Be4
{[%csl Ge4] Der e4B verteidigt alle Schwächen in der weißen Stellung, weil der
g7N vollkommen unglücklich steht (in der ganzen Partie).} Rg8 30. Kf2 Ne8 31.
Rxg8+ Kxg8 32. Rc1 {[%mdl 4096] Weiß hat eine aktive Stellung, aber er hat
noch keine konkreten Drohungen.} Kh8 (32... Rc7 $1 33. Rxc7 Nxc7 34. Bf4 Bxd5
35. Bxd6 Bxe4 36. dxe4 $14) 33. Bf4 Kg7 (33... Rc7 34. Rxc7 Nxc7 35. Bxd6 Nxd5
$14) 34. Rg1+ Kh8 35. Bf3 Bc8 36. Be4 Bb7 37. h4 $1 {[%cal Gh4h5,Gh5h6]} Rg7
38. Re1 Nc7 $2 39. Bxd6 $16 Nxd5 40. Bf3 {[%csl Gd6,Ge1,Gf3][%cal Ge1e8]} Rd7
$2 (40... Rg8 $16) 41. Re8+ $18 (41. Re8+ Kg7 42. Bf8+ Kf7 (42... Kg8 43. Bh6+
Kf7 44. Bh5#) 43. Bh5+ Kg8 44. Bh6#) 1-0